Les pays comptant plus de 30% d'athées déclarés - Statistiques

Statistiques générales
  • Ce quiz a été pris 107 fois
  • Le résultat moyen est 7 sur 11
Statistiques - réponses
Continent % d'athées Pays % Correct
Asie 52.2 Chine
91%
Asie 57 Japon
87%
Asie 46.4 Corée-du-Sud
76%
Asie 71.3 Corée-du-Nord
75%
Océanie 36.6 Nouvelle-Zélande
74%
Europe 76.4 Tchéquie
63%
Europe 42.1 Pays-Bas
60%
Europe 59.6 Estonie
58%
Europe 43.8 Lettonie
58%
Asie 35.9 Mongolie
48%
Amérique 40.7 Uruguay
26%
Aucun quiz correspondant
Distribution des résultats
% des personnes avec chaque résultat
Percentile par nombre de réponses
Votre historique - résultats
Vous n’avez pas pris ce quiz